000 00745nam a2200229 a 4500
001 000027322
005 20240409073641.0
008 110331t1953 dr a r 001 0 spa d
040 _aDO-SdBNP
_bspa
_cBNPHU
041 0 7 _aeng
082 _a923.17293
_bT866n, 1953
100 1 _aNanita, Abelardo R.
_945855
245 1 0 _aTrujillo /
_cAbelardo R. Nanita.
250 _a6a ed.
260 _aCiudad Trujillo, República Dominicana :
_bImpresora Dominicana,
_c1953.
300 _a234 p. :
_bil. ;
_c23 cm.
500 _aIncluye bibliografía y notas al pie de páginas.
546 _aInglés
590 _aInventariado, 2018/BT
600 1 0 _aTrujillo Molina, Rafael Leónidas,
_d 1891-1961
_976764
910 _aValidado. Control de calidad. EMS.
999 _c26814
_d26814